000 00638nam a2200253Ia 4500
003 OSt
005 20221007110755.0
006 a|||||r|||| 00| 0
007 ta
008 221006b |||||||| |||| 00| 0 hin d
024 _a21,851
037 _cTextual
040 _aLCO
_cLCO
_bhin
041 _2hin
_ahin
082 _aZ2,5q, P8
100 _aMishr S.N.
245 0 _aBhartiya Dhand Sanhita
250 _a20th
260 _aAllahabad
_bAllahabad Law Agency Publication India
_c2008
300 _a731
650 _aINDIAN PENAL CODE
942 _hZ2,5q, P8
_cTEXL
999 _c1191414
_d1191414